[Event "Greek Team Championship"]
[Site "chess24.com"]
[Date "2017.07.08"]
[Round "7"]
[White "Goumas, Georgios"]
[Black "Abelakiotis, Stavros"]
[Result "1/2-1/2"]
[Board "4"]
[WhiteElo "2417"]
[WhiteTitle "FM"]
[WhiteCountry "GRE"]
[WhiteFideId "4208935"]
[WhiteEloChange "-4"]
[BlackElo "1861"]
[BlackCountry "GRE"]
[BlackFideId "4292650"]
[BlackEloChange "8"]

1. c4 {[%clk 1:27:48]} c5 {[%clk 1:30:47]} 2. Nc3 {[%clk 1:27:42]} Nf6 {[%clk
1:30:32]} 3. g3 {[%clk 1:28:05]} d5 {[%clk 1:30:14]} 4. cxd5 {[%clk 1:28:30]}
Nxd5 {[%clk 1:30:36]} 5. Bg2 {[%clk 1:28:59]} Nc7 {[%clk 1:30:49]} 6. d3 {[%clk
1:29:24]} Nc6 {[%clk 1:30:14]} 7. Nh3 {[%clk 1:29:30]} e5 {[%clk 1:27:56]} 8. O-O
{[%clk 1:29:37]} Be7 {[%clk 1:27:11]} 9. f4 {[%clk 1:30:02]} exf4 {[%clk
1:24:16]} 10. Nxf4 {[%clk 1:30:24]} O-O {[%clk 1:21:39]} 11. Bd2 {[%clk 1:30:51]}
Ne6 {[%clk 1:13:25]} 12. Nfd5 {[%clk 1:22:17]} Bg5 {[%clk 1:08:23]} 13. Rc1
{[%clk 1:16:23]} b6 {[%clk 0:48:36]} 14. Bxg5 {[%clk 1:05:25]} Nxg5 {[%clk
0:44:29]} 15. Nf6+ {[%clk 1:04:17]} gxf6 {[%clk 0:44:04]} 16. Bxc6 {[%clk
1:04:40]} Bh3 {[%clk 0:20:13]} 17. Rf4 {[%clk 1:02:23]} Rc8 {[%clk 0:19:02]} 18.
Bg2 {[%clk 0:59:58]} Bxg2 {[%clk 0:15:23]} 19. Kxg2 {[%clk 0:59:04]} Ne6 {[%clk
0:13:56]} 20. Rh4 {[%clk 0:48:27]} f5 {[%clk 0:12:36]} 21. Qd2 {[%clk 0:39:51]}
f4 {[%clk 0:04:27]} 22. Rg4+ {[%clk 0:33:57]} Kh8 {[%clk 0:04:50]} 23. gxf4
{[%clk 0:33:34]} f5 {[%clk 0:04:32]} 24. Rg3 {[%clk 0:33:45]} Qd6 {[%clk
0:02:11]} 25. Rf1 {[%clk 0:33:07]} Rcd8 {[%clk 0:01:25]} 26. Qe3 {[%clk 0:30:47]}
Nd4 {[%clk 0:00:43]} 27. Qf2 {[%clk 0:31:06]} Rde8 {[%clk 0:00:37]} 28. Kg1
{[%clk 0:30:35]} a6 {[%clk 0:00:39]} 29. b3 {[%clk 0:30:29]} b5 {[%clk 0:00:46]}
30. e3 {[%clk 0:30:54]} Nc6 {[%clk 0:00:37]} 31. Qb2 {[%clk 0:31:23]} Qf6 {[%clk
0:00:48]} 32. Rf2 {[%clk 0:28:52]} Nb4 {[%clk 0:00:37]} 33. e4 {[%clk 0:29:21]}
Qd4 {[%clk 0:00:34]} 34. a3 {[%clk 0:28:49]} Nc6 {[%clk 0:00:33]} 35. Qc1 {[%clk
0:28:06]} fxe4 {[%clk 0:00:37]} 36. Nxe4 {[%clk 0:27:38]} c4 {[%clk 0:00:37]} 37.
bxc4 {[%clk 0:15:11]} bxc4 {[%clk 0:01:01]} 38. Qc3 {[%clk 0:15:36]} cxd3 {[%clk
0:00:40]} 39. Rxd3 {[%clk 0:16:05]} Qxc3 {[%clk 0:00:32]} 40. Nxc3 {[%clk
0:46:34]} Re1+ {[%clk 0:30:33]} 41. Kg2 {[%clk 0:46:52]} Re6 {[%clk 0:23:46]} 42.
Rff3 {[%clk 0:36:06]} Ne7 {[%clk 0:22:59]} 43. Kf2 {[%clk 0:34:40]} Nf5 {[%clk
0:20:04]} 44. Nd5 {[%clk 0:30:50]} Rfe8 {[%clk 0:15:28]} 45. Rd2 {[%clk 0:21:05]}
Rc8 {[%clk 0:09:36]} 46. Rc3 {[%clk 0:19:00]} Rxc3 {[%clk 0:07:49]} 47. Nxc3
{[%clk 0:19:12]} Rc6 {[%clk 0:07:51]} 48. Rd3 {[%clk 0:18:26]} Kg7 {[%clk
0:07:14]} 49. Kf3 {[%clk 0:18:31]} Kg6 {[%clk 0:04:13]} 50. Ke4 {[%clk 0:15:17]}
Re6+ {[%clk 0:01:52]} 51. Kf3 {[%clk 0:15:46]} Nh4+ {[%clk 0:01:43]} 52. Kg4
{[%clk 0:16:01]} Nf5 {[%clk 0:01:49]} 53. Kf3 {[%clk 0:15:06]} Nh4+ {[%clk
0:02:09]} 54. Kf2 {[%clk 0:15:35]} Nf5 {[%clk 0:01:46]} 55. Ne2 {[%clk 0:15:47]}
Re4 {[%clk 0:01:17]} 56. Rc3 {[%clk 0:16:11]} Nd4 {[%clk 0:00:39]} 57. Rg3+
{[%clk 0:08:15]} Kf5 {[%clk 0:00:34]} 58. Rg5+ {[%clk 0:07:54]} Kf6 {[%clk
0:00:46]} 59. Nxd4 {[%clk 0:07:43]} Rxd4 {[%clk 0:00:53]} 60. Ra5 {[%clk
0:07:44]} Rxf4+ {[%clk 0:00:47]} 61. Kg3 {[%clk 0:08:13]} Rc4 {[%clk 0:00:59]}
62. Rxa6+ {[%clk 0:08:42]} Kg7 {[%clk 0:01:20]} 63. Kf3 {[%clk 0:07:50]} Rc3+
{[%clk 0:01:10]} 64. Kf4 {[%clk 0:08:19]} Rc4+ {[%clk 0:01:13]} 65. Kg5 {[%clk
0:06:54]} Rc5+ {[%clk 0:01:36]} 66. Kf4 {[%clk 0:07:07]} Rc4+ {[%clk 0:01:58]}
67. Ke5 {[%clk 0:06:57]} Rc5+ {[%clk 0:02:11]} 68. Kd4 {[%clk 0:07:00]} Rh5
{[%clk 0:02:34]} 69. Rc6 {[%clk 0:07:08]} Rxh2 {[%clk 0:02:37]} 70. Ke4 {[%clk
0:04:35]} Ra2 {[%clk 0:02:19]} 71. Ra6 {[%clk 0:04:41]} Re2+ {[%clk 0:02:05]} 72.
Kf3 {[%clk 0:05:08]} Ra2 {[%clk 0:02:12]} 73. a4 {[%clk 0:05:37]} h6 {[%clk
0:02:20]} 74. a5 {[%clk 0:06:00]} Ra4 {[%clk 0:02:25]} 75. Ra7+ {[%clk 0:06:24]}
Kg6 {[%clk 0:02:37]} 76. a6 {[%clk 0:06:49]} Kf6 {[%clk 0:02:48]} 77. Ra8 {[%clk
0:06:55]} Kg7 {[%clk 0:03:12]} 78. Ra7+ {[%clk 0:07:22]} Kf6 {[%clk 0:03:33]} 79.
Ke3 {[%clk 0:07:43]} h5 {[%clk 0:03:15]} 80. Kf2 {[%clk 0:08:04]} Ra3 {[%clk
0:03:35]} 81. Kg2 {[%clk 0:08:28]} h4 {[%clk 0:03:48]} 82. Rh7 {[%clk 0:08:52]}
Kg6 {[%clk 0:03:46]} 83. Ra7 {[%clk 0:09:18]} h3+ {[%clk 0:04:07]} 84. Kh2 {[%clk
0:09:44]} Kh6 {[%clk 0:04:25]} 85. Ra8 {[%clk 0:10:10]} Kg7 {[%clk 0:04:46]} 86.
Ra7+ {[%clk 0:10:34]} Kh6 {[%clk 0:04:30]} 87. Kg1 {[%clk 0:10:53]} Kg6 {[%clk
0:04:46]} 88. Kh1 {[%clk 0:11:17]} Kh6 {[%clk 0:05:06]} 89. Ra8 {[%clk 0:11:43]}
Kg7 {[%clk 0:05:21]} 90. a7 {[%clk 0:12:11]} Kh7 {[%clk 0:05:17]} 91. Kh2 {[%clk
0:12:28]} Kg7 {[%clk 0:05:40]} 92. Kg1 {[%clk 0:12:53]} Kh7 {[%clk 0:06:02]} 93.
Kh2 {[%clk 0:13:20]} Kg7 {[%clk 0:06:19]} 94. Kg1 {[%clk 0:13:47]} Kh7 {[%clk
0:06:41]} 95. Kh2 {[%clk 0:14:14]} Kg7 {[%clk 0:07:04]} 96. Kg1 {[%clk 0:14:41]}
Kh7 {[%clk 0:07:26]} 97. Kh2 {[%clk 0:15:08]} Kg7 {[%clk 0:07:47]} 98. Kg1 {[%clk
0:15:35]} Kh7 {[%clk 0:08:02]} 99. Kh2 {[%clk 0:16:03]} 1/2-1/2

[Event "Greek Team Championship"]
[Site "chess24.com"]
[Date "2017.07.08"]
[Round "7"]
[White "Szczepkowska, Karina"]
[Black "Brunello, Marina"]
[Result "1-0"]
[Board "5"]
[WhiteElo "2414"]
[WhiteTitle "IM"]
[WhiteCountry "POL"]
[WhiteFideId "1122681"]
[WhiteEloChange "4"]
[BlackElo "2367"]
[BlackTitle "FM"]
[BlackCountry "ITA"]
[BlackFideId "822590"]
[BlackEloChange "-9"]

1. d4 {[%clk 1:30:56]} d5 {[%clk 1:30:49]} 2. c4 {[%clk 1:31:20]} c6 {[%clk
1:31:17]} 3. Nf3 {[%clk 1:31:36]} Nf6 {[%clk 1:31:43]} 4. e3 {[%clk 1:32:01]} Bg4
{[%clk 1:27:50]} 5. Nc3 {[%clk 1:28:26]} e6 {[%clk 1:27:22]} 6. Qb3 {[%clk
1:27:01]} Qb6 {[%clk 1:26:01]} 7. Nh4 {[%clk 1:24:53]} Bh5 {[%clk 1:24:37]} 8. h3
{[%clk 1:24:00]} g5 {[%clk 1:21:20]} 9. Nf3 {[%clk 1:15:58]} Bxf3 {[%clk
1:20:48]} 10. gxf3 {[%clk 1:16:23]} Rg8 {[%clk 1:20:57]} 11. c5 {[%clk 1:11:11]}
Qc7 {[%clk 1:20:54]} 12. e4 {[%clk 1:10:30]} dxe4 {[%clk 1:11:38]} 13. fxe4
{[%clk 1:07:55]} e5 {[%clk 1:11:53]} 14. dxe5 {[%clk 1:05:40]} Nfd7 {[%clk
1:12:14]} 15. e6 {[%clk 1:05:43]} Nxc5 {[%clk 1:12:40]} 16. exf7+ {[%clk
1:06:06]} Qxf7 {[%clk 1:13:06]} 17. Qxf7+ {[%clk 1:06:27]} Kxf7 {[%clk 1:13:32]}
18. Bc4+ {[%clk 1:02:17]} Ne6 {[%clk 1:13:58]} 19. f4 {[%clk 0:59:18]} gxf4
{[%clk 1:11:58]} 20. Bxf4 {[%clk 0:59:22]} b5 {[%clk 1:11:10]} 21. Bb3 {[%clk
0:57:26]} Rg6 {[%clk 1:05:56]} 22. O-O-O {[%clk 0:46:35]} Ke8 {[%clk 1:06:06]}
23. Bd6 {[%clk 0:43:27]} Nd7 {[%clk 0:59:26]} 24. Rhf1 {[%clk 0:40:25]} Rc8
{[%clk 0:46:51]} 25. e5 {[%clk 0:37:06]} Bxd6 {[%clk 0:43:09]} 26. exd6 {[%clk
0:36:47]} Ndc5 {[%clk 0:42:44]} 27. d7+ {[%clk 0:30:18]} Nxd7 {[%clk 0:43:08]}
28. Ne4 {[%clk 0:30:41]} Ke7 {[%clk 0:38:59]} 29. Nd6 {[%clk 0:31:05]} Rf8 {[%clk
0:38:42]} 30. Nf5+ {[%clk 0:31:19]} Kd8 {[%clk 0:35:38]} 31. Bxe6 {[%clk
0:31:04]} Rxe6 {[%clk 0:36:01]} 32. Ng7 {[%clk 0:30:18]} Rxf1 {[%clk 0:34:41]}
33. Nxe6+ {[%clk 0:30:37]} Ke7 {[%clk 0:35:09]} 34. Rxf1 {[%clk 0:30:58]} Kxe6
{[%clk 0:35:36]} 35. Kc2 {[%clk 0:29:40]} Ne5 {[%clk 0:33:40]} 36. Rf8 {[%clk
0:29:34]} h6 {[%clk 0:32:55]} 37. Rh8 {[%clk 0:25:17]} Nf7 {[%clk 0:33:21]} 38.
Ra8 {[%clk 0:25:41]} Ng5 {[%clk 0:32:08]} 39. h4 {[%clk 0:23:41]} Nf3 {[%clk
0:32:34]} 40. Rh8 {[%clk 0:54:02]} Nd4+ {[%clk 1:02:48]} 41. Kd3 {[%clk 0:53:51]}
Nf5 {[%clk 1:03:11]} 42. Ke4 {[%clk 0:52:56]} a5 {[%clk 1:02:26]} 43. Kf4 {[%clk
0:51:16]} a4 {[%clk 1:02:00]} 44. h5 {[%clk 0:51:20]} c5 {[%clk 1:00:57]} 45. Rc8
{[%clk 0:48:19]} c4 {[%clk 1:01:15]} 46. Rc5 {[%clk 0:47:25]} Nd6 {[%clk
1:00:54]} 47. a3 {[%clk 0:47:20]} Kf6 {[%clk 1:00:31]} 48. Ke3 {[%clk 0:44:16]}
Ke7 {[%clk 1:00:21]} 49. Kd4 {[%clk 0:42:48]} Ke6 {[%clk 1:00:43]} 50. Rc6 {[%clk
0:41:34]} Kd7 {[%clk 0:59:17]} 51. Kd5 {[%clk 0:41:20]} Nf5 {[%clk 0:59:10]} 52.
Rf6 {[%clk 0:40:22]} Ne3+ {[%clk 0:59:05]} 53. Kc5 {[%clk 0:38:21]} b4 {[%clk
0:58:49]} 54. axb4 {[%clk 0:34:58]} a3 {[%clk 0:59:13]} 55. bxa3 {[%clk 0:35:24]}
c3 {[%clk 0:59:40]} 56. Rd6+ {[%clk 0:35:48]} Ke7 {[%clk 0:59:52]} 57. Rd3 {[%clk
0:36:05]} 1-0

[Event "Greek Team Championship"]
[Site "chess24.com"]
[Date "2017.07.08"]
[Round "7"]
[White "Avramidou, Anastasia"]
[Black "Kyriazi, Smaragda"]
[Result "1-0"]
[Board "6"]
[WhiteElo "2247"]
[WhiteTitle "FM"]
[WhiteCountry "GRE"]
[WhiteFideId "4239873"]
[WhiteEloChange "2"]
[BlackElo "1304"]
[BlackCountry "GRE"]
[BlackFideId "4290364"]
[BlackEloChange "-2"]

1. e4 {[%clk 1:30:57]} e6 {[%clk 1:30:56]} 2. d4 {[%clk 1:31:23]} d5 {[%clk
1:31:22]} 3. e5 {[%clk 1:31:50]} c5 {[%clk 1:31:47]} 4. c3 {[%clk 1:32:16]} Nc6
{[%clk 1:32:08]} 5. Nf3 {[%clk 1:32:40]} Qb6 {[%clk 1:32:29]} 6. a3 {[%clk
1:33:05]} Bd7 {[%clk 1:31:24]} 7. b4 {[%clk 1:32:53]} cxd4 {[%clk 1:28:28]} 8.
cxd4 {[%clk 1:33:16]} a6 {[%clk 1:27:29]} 9. Be2 {[%clk 1:28:38]} Nge7 {[%clk
1:25:18]} 10. Bb2 {[%clk 1:26:35]} Nf5 {[%clk 1:23:20]} 11. g4 {[%clk 1:26:59]}
Nfe7 {[%clk 1:19:12]} 12. h3 {[%clk 1:24:04]} Ng6 {[%clk 1:14:30]} 13. Qd2 {[%clk
1:19:13]} Be7 {[%clk 1:08:50]} 14. h4 {[%clk 1:07:00]} h5 {[%clk 1:04:18]} 15. g5
{[%clk 1:06:07]} Bd8 {[%clk 0:57:32]} 16. Nc3 {[%clk 1:02:48]} Nce7 {[%clk
0:53:20]} 17. Bd3 {[%clk 1:02:10]} Nf5 {[%clk 0:49:26]} 18. Bxf5 {[%clk 0:55:10]}
exf5 {[%clk 0:49:49]} 19. Rc1 {[%clk 0:55:36]} Bc6 {[%clk 0:44:41]} 20. Qd3
{[%clk 0:46:56]} Be7 {[%clk 0:33:54]} 21. O-O {[%clk 0:43:16]} Nxh4 {[%clk
0:28:45]} 22. Nxh4 {[%clk 0:43:38]} Bxg5 {[%clk 0:28:59]} 23. Nxf5 {[%clk
0:43:59]} Bxc1 {[%clk 0:28:33]} 24. Nd6+ {[%clk 0:44:24]} Kf8 {[%clk 0:27:58]}
25. Bxc1 {[%clk 0:44:45]} Qd8 {[%clk 0:25:25]} 26. Qf5 {[%clk 0:42:42]} Qe7
{[%clk 0:23:48]} 27. Bg5 {[%clk 0:42:11]} f6 {[%clk 0:21:41]} 28. Qf4 {[%clk
0:29:39]} Rd8 {[%clk 0:15:49]} 29. Kh2 {[%clk 0:27:29]} Kg8 {[%clk 0:12:15]} 30.
Nf5 {[%clk 0:24:10]} Qc7 {[%clk 0:08:59]} 31. exf6 {[%clk 0:13:48]} Qxf4+ {[%clk
0:08:57]} 32. Bxf4 {[%clk 0:14:16]} gxf6 {[%clk 0:07:47]} 33. Re1 {[%clk
0:12:43]} Rh7 {[%clk 0:05:56]} 34. a4 {[%clk 0:12:09]} b5 {[%clk 0:04:26]} 35.
Ne7+ {[%clk 0:12:00]} Kf8 {[%clk 0:04:00]} 36. Nxc6 {[%clk 0:12:25]} Rc8 {[%clk
0:04:07]} 37. axb5 {[%clk 0:12:49]} axb5 {[%clk 0:04:28]} 38. Re6 {[%clk
0:13:08]} Kf7 {[%clk 0:03:07]} 39. Rd6 {[%clk 0:13:26]} Rhh8 {[%clk 0:03:02]} 40.
Nxd5 {[%clk 0:43:29]} 1-0

[Event "Greek Team Championship"]
[Site "chess24.com"]
[Date "2017.07.08"]
[Round "7"]
[White "Koutsidi, Amalia"]
[Black "Bastianou, Chrysoula"]
[Result "1-0"]
[Board "7"]
[WhiteElo "1772"]
[WhiteCountry "GRE"]
[WhiteFideId "4244710"]
[WhiteEloChange "6"]
[BlackElo "1643"]
[BlackCountry "GRE"]
[BlackFideId "4294106"]
[BlackEloChange "-6"]

1. e4 {[%clk 1:30:57]} e6 {[%clk 1:30:57]} 2. d4 {[%clk 1:31:20]} d5 {[%clk
1:31:24]} 3. Nc3 {[%clk 1:31:46]} Nf6 {[%clk 1:31:43]} 4. Bg5 {[%clk 1:32:05]}
dxe4 {[%clk 1:32:01]} 5. Nxe4 {[%clk 1:31:43]} Be7 {[%clk 1:32:26]} 6. Nxf6+
{[%clk 1:30:31]} Bxf6 {[%clk 1:32:51]} 7. Bxf6 {[%clk 1:29:40]} Qxf6 {[%clk
1:33:15]} 8. c3 {[%clk 1:29:33]} O-O {[%clk 1:33:26]} 9. Qf3 {[%clk 1:17:40]} Qh6
{[%clk 1:24:00]} 10. Qg3 {[%clk 1:11:11]} e5 {[%clk 1:16:13]} 11. dxe5 {[%clk
0:58:36]} Rd8 {[%clk 1:05:53]} 12. Nf3 {[%clk 0:56:08]} Qb6 {[%clk 1:04:50]} 13.
b3 {[%clk 0:45:44]} Qc6 {[%clk 1:01:49]} 14. Nd4 {[%clk 0:42:54]} Qe4+ {[%clk
1:00:46]} 15. Be2 {[%clk 0:27:18]} c5 {[%clk 0:46:27]} 16. Nb5 {[%clk 0:21:39]}
Nc6 {[%clk 0:46:14]} 17. f4 {[%clk 0:20:13]} Ne7 {[%clk 0:32:14]} 18. Nd6 {[%clk
0:19:07]} Qc2 {[%clk 0:31:48]} 19. Qd3 {[%clk 0:17:02]} Bf5 {[%clk 0:30:37]} 20.
Qxc2 {[%clk 0:17:18]} Bxc2 {[%clk 0:31:00]} 21. Nxb7 {[%clk 0:15:44]} Rdc8 {[%clk
0:27:48]} 22. Nd6 {[%clk 0:15:10]} Rd8 {[%clk 0:27:17]} 23. Bc4 {[%clk 0:14:59]}
Bg6 {[%clk 0:27:11]} 24. g4 {[%clk 0:14:36]} Rxd6 {[%clk 0:23:56]} 25. exd6
{[%clk 0:14:49]} Be4 {[%clk 0:24:15]} 26. dxe7 {[%clk 0:11:35]} Re8 {[%clk
0:19:27]} 27. Rf1 {[%clk 0:09:29]} Rxe7 {[%clk 0:19:38]} 28. Kf2 {[%clk 0:09:49]}
1-0

[Event "Greek Team Championship"]
[Site "chess24.com"]
[Date "2017.07.08"]
[Round "7"]
[White "Kouskoutis, Georgios-Alexandros"]
[Black "Alexiadis, Hristos"]
[Result "1/2-1/2"]
[Board "8"]
[WhiteElo "2242"]
[WhiteCountry "GRE"]
[WhiteFideId "4234049"]
[WhiteEloChange "1"]
[BlackElo "2264"]
[BlackTitle "FM"]
[BlackCountry "GRE"]
[BlackFideId "4249623"]
[BlackEloChange "-1"]

1. c4 {[%clk 1:24:07]} Nf6 {[%clk 1:29:22]} 2. g3 {[%clk 1:24:29]} c5 {[%clk
1:28:15]} 3. Bg2 {[%clk 1:24:51]} Nc6 {[%clk 1:21:37]} 4. Nc3 {[%clk 1:25:05]} g6
{[%clk 1:22:03]} 5. e4 {[%clk 1:25:04]} Bg7 {[%clk 1:22:08]} 6. Nge2 {[%clk
1:25:29]} d6 {[%clk 1:17:35]} 7. d3 {[%clk 1:20:56]} Nd7 {[%clk 1:17:38]} 8. O-O
{[%clk 1:20:16]} Nf8 {[%clk 1:18:02]} 9. a3 {[%clk 1:15:13]} a5 {[%clk 1:05:23]}
10. Rb1 {[%clk 1:10:12]} Ne6 {[%clk 1:05:26]} 11. Nb5 {[%clk 1:10:06]} a4 {[%clk
0:48:35]} 12. h3 {[%clk 0:56:41]} Bd7 {[%clk 0:48:33]} 13. Be3 {[%clk 0:55:27]}
Ncd4 {[%clk 0:46:01]} 14. Nbc3 {[%clk 0:36:15]} O-O {[%clk 0:45:56]} 15. f4
{[%clk 0:36:41]} Bc6 {[%clk 0:40:07]} 16. f5 {[%clk 0:33:26]} Nxe2+ {[%clk
0:40:24]} 17. Nxe2 {[%clk 0:33:34]} Nd4 {[%clk 0:37:28]} 18. g4 {[%clk 0:30:11]}
Nxe2+ {[%clk 0:36:54]} 19. Qxe2 {[%clk 0:30:37]} b5 {[%clk 0:37:05]} 20. cxb5
{[%clk 0:26:47]} Bxb5 {[%clk 0:37:27]} 21. Rf2 {[%clk 0:24:43]} Rb8 {[%clk
0:36:01]} 22. Qc2 {[%clk 0:15:21]} Ba6 {[%clk 0:31:11]} 23. Qxa4 {[%clk 0:10:10]}
Bxd3 {[%clk 0:31:27]} 24. Rd1 {[%clk 0:10:36]} Bb5 {[%clk 0:31:45]} 25. Qc2
{[%clk 0:10:46]} Qa5 {[%clk 0:32:01]} 26. Qc1 {[%clk 0:08:04]} Ba4 {[%clk
0:32:10]} 27. Rdf1 {[%clk 0:06:46]} Bb5 {[%clk 0:29:55]} 28. Rd1 {[%clk 0:06:30]}
Qa4 {[%clk 0:28:48]} 29. Re1 {[%clk 0:04:24]} Bc6 {[%clk 0:26:07]} 30. Bh6 {[%clk
0:02:47]} Bxh6 {[%clk 0:25:52]} 31. Qxh6 {[%clk 0:03:11]} Qd4 {[%clk 0:26:20]}
32. Qe3 {[%clk 0:02:35]} Qe5 {[%clk 0:26:37]} 33. Ree2 {[%clk 0:01:24]} Rb6
{[%clk 0:24:43]} 34. Qf4 {[%clk 0:00:45]} Qxf4 {[%clk 0:25:07]} 35. Rxf4 {[%clk
0:01:12]} Rfb8 {[%clk 0:25:33]} 36. Rff2 {[%clk 0:01:25]} f6 {[%clk 0:25:57]} 37.
Rc2 {[%clk 0:00:45]} g5 {[%clk 0:25:14]} 38. Rfe2 {[%clk 0:00:55]} Rb3 {[%clk
0:25:07]} 39. Kf2 {[%clk 0:01:08]} R8b6 {[%clk 0:25:13]} 40. Red2 {[%clk
0:31:01]} Kg7 {[%clk 0:55:26]} 41. Re2 {[%clk 0:30:37]} Ba4 {[%clk 0:52:51]} 42.
Rcd2 {[%clk 0:26:03]} h5 {[%clk 0:50:17]} 43. gxh5 {[%clk 0:17:58]} Kh6 {[%clk
0:50:40]} 44. Bf3 {[%clk 0:18:25]} Be8 {[%clk 0:51:07]} 45. Bg4 {[%clk 0:17:34]}
Bxh5 {[%clk 0:51:30]} 46. Kg2 {[%clk 0:18:00]} Bf7 {[%clk 0:51:39]} 47. Rf2
{[%clk 0:17:11]} Bc4 {[%clk 0:47:27]} 48. Bf3 {[%clk 0:17:36]} Ba6 {[%clk
0:46:25]} 49. Rc2 {[%clk 0:15:57]} Re3 {[%clk 0:41:52]} 50. b4 {[%clk 0:07:13]}
cxb4 {[%clk 0:40:41]} 51. axb4 {[%clk 0:07:39]} Rxb4 {[%clk 0:41:04]} 52. Rc7
{[%clk 0:07:50]} Rb7 {[%clk 0:31:01]} 53. Rfc2 {[%clk 0:07:37]} Rbb3 {[%clk
0:31:27]} 54. Rf2 {[%clk 0:07:28]} d5 {[%clk 0:31:34]} 55. Rxe7 {[%clk 0:03:32]}
dxe4 {[%clk 0:31:15]} 56. Rxe4 {[%clk 0:03:36]} Rxe4 {[%clk 0:29:05]} 57. Bxe4
{[%clk 0:03:57]} Kh5 {[%clk 0:26:51]} 58. Ra2 {[%clk 0:03:53]} Bc4 {[%clk
0:24:38]} 59. Ra4 {[%clk 0:02:47]} Bb5 {[%clk 0:22:58]} 60. Ra8 {[%clk 0:02:26]}
Rb2+ {[%clk 0:23:21]} 61. Kg3 {[%clk 0:02:41]} Rb3+ {[%clk 0:23:35]} 62. Kg2
{[%clk 0:03:03]} Kh6 {[%clk 0:20:37]} 63. Rg8 {[%clk 0:02:24]} Rb2+ {[%clk
0:20:43]} 64. Kg3 {[%clk 0:02:27]} Rb3+ {[%clk 0:20:49]} 65. Kg2 {[%clk 0:02:52]}
Rb2+ {[%clk 0:20:43]} 1/2-1/2

[Event "Greek Team Championship"]
[Site "chess24.com"]
[Date "2017.07.08"]
[Round "7"]
[White "Karousos-Theodorakis, Nikolaos"]
[Black "Androutsopoulos-Agiotatos, Vasil"]
[Result "1/2-1/2"]
[Board "9"]
[WhiteElo "2153"]
[WhiteCountry "GRE"]
[WhiteFideId "4275829"]
[WhiteEloChange "-2"]
[BlackElo "2088"]
[BlackCountry "GRE"]
[BlackFideId "4268130"]
[BlackEloChange "2"]

1. e4 {[%clk 1:30:56]} e5 {[%clk 1:23:25]} 2. Nf3 {[%clk 1:31:17]} Nc6 {[%clk
1:23:52]} 3. Nc3 {[%clk 1:31:39]} Nf6 {[%clk 1:23:28]} 4. Bb5 {[%clk 1:32:04]}
Bd6 {[%clk 1:19:23]} 5. d3 {[%clk 1:31:03]} O-O {[%clk 1:15:20]} 6. a3 {[%clk
1:31:18]} Ne7 {[%clk 1:02:49]} 7. d4 {[%clk 1:20:39]} Ng6 {[%clk 0:57:07]} 8. O-O
{[%clk 1:16:31]} Re8 {[%clk 0:54:15]} 9. dxe5 {[%clk 1:05:23]} Nxe5 {[%clk
0:54:55]} 10. Nd4 {[%clk 1:04:55]} c6 {[%clk 0:43:32]} 11. Be2 {[%clk 1:04:38]}
Ng6 {[%clk 0:43:22]} 12. Bf3 {[%clk 0:47:42]} Ne5 {[%clk 0:39:52]} 13. Be2 {[%clk
0:44:55]} Ng6 {[%clk 0:40:16]} 14. Bf3 {[%clk 0:40:12]} Ne5 {[%clk 0:40:40]} 15.
Be2 {[%clk 0:29:03]} Ng6 {[%clk 0:41:00]} 16. Bf3 {[%clk 0:28:20]} 1/2-1/2

[Event "Greek Team Championship"]
[Site "chess24.com"]
[Date "2017.07.08"]
[Round "7"]
[White "Stamatiou, Rodolfos"]
[Black "Magoulas, Dionysios"]
[Result "1-0"]
[Board "10"]
[WhiteElo "1663"]
[WhiteCountry "GRE"]
[WhiteFideId "25826530"]
[WhiteEloChange "2"]
[BlackElo "1161"]
[BlackCountry "GRE"]
[BlackFideId "25805878"]
[BlackEloChange "-2"]

1. e4 {[%clk 1:30:57]} e5 {[%clk 1:30:54]} 2. Nf3 {[%clk 1:31:20]} Nf6 {[%clk
1:31:18]} 3. Nxe5 {[%clk 1:31:36]} d6 {[%clk 1:31:39]} 4. Nf3 {[%clk 1:31:54]}
Nxe4 {[%clk 1:31:59]} 5. Nc3 {[%clk 1:32:10]} Nxc3 {[%clk 1:31:44]} 6. dxc3
{[%clk 1:32:32]} Be7 {[%clk 1:27:33]} 7. Bf4 {[%clk 1:31:48]} Nd7 {[%clk
1:17:09]} 8. Qd2 {[%clk 1:29:02]} Nc5 {[%clk 1:16:03]} 9. O-O-O {[%clk 1:24:22]}
O-O {[%clk 1:14:27]} 10. h4 {[%clk 1:19:46]} a5 {[%clk 0:42:50]} 11. Nd4 {[%clk
0:59:09]} Ne6 {[%clk 0:28:47]} 12. Bg3 {[%clk 0:57:10]} Nxd4 {[%clk 0:23:35]} 13.
cxd4 {[%clk 0:57:06]} Bf5 {[%clk 0:22:48]} 14. f3 {[%clk 0:56:01]} c6 {[%clk
0:20:49]} 15. Bf4 {[%clk 0:54:27]} b5 {[%clk 0:18:29]} 16. d5 {[%clk 0:52:04]}
Bd7 {[%clk 0:16:08]} 17. dxc6 {[%clk 0:51:17]} Bxc6 {[%clk 0:16:19]} 18. Bxd6
{[%clk 0:51:30]} Bxd6 {[%clk 0:15:53]} 19. Qxd6 {[%clk 0:51:56]} Qxd6 {[%clk
0:16:17]} 20. Rxd6 {[%clk 0:52:20]} Rac8 {[%clk 0:16:21]} 21. Be2 {[%clk
0:52:06]} Rfd8 {[%clk 0:15:20]} 22. Rxd8+ {[%clk 0:51:26]} Rxd8 {[%clk 0:15:39]}
23. Rd1 {[%clk 0:51:54]} Rxd1+ {[%clk 0:12:59]} 24. Kxd1 {[%clk 0:52:15]} Kf8
{[%clk 0:13:10]} 25. Kd2 {[%clk 0:52:37]} Ke7 {[%clk 0:13:29]} 26. Ke3 {[%clk
0:52:19]} Ke6 {[%clk 0:13:36]} 27. Kd4 {[%clk 0:50:16]} Kd6 {[%clk 0:13:46]} 28.
a3 {[%clk 0:48:24]} Bd7 {[%clk 0:10:12]} 29. c4 {[%clk 0:46:35]} bxc4 {[%clk
0:10:26]} 30. Bxc4 {[%clk 0:46:31]} f6 {[%clk 0:10:18]} 31. Bd5 {[%clk 0:45:02]}
Bb5 {[%clk 0:07:36]} 32. Bg8 {[%clk 0:43:38]} h6 {[%clk 0:07:22]} 33. Ke4 {[%clk
0:41:54]} Kc5 {[%clk 0:04:36]} 34. Bb3 {[%clk 0:34:16]} Kd6 {[%clk 0:02:57]} 35.
Ba2 {[%clk 0:33:09]} Kc5 {[%clk 0:02:30]} 36. Bb1 {[%clk 0:32:53]} Be8 {[%clk
0:00:58]} 37. Kf5 {[%clk 0:32:43]} Bf7 {[%clk 0:00:40]} 38. Bc2 {[%clk 0:31:43]}
Be8 {[%clk 0:00:37]} 39. Ke6 {[%clk 0:31:55]} Kb6 {[%clk 0:00:36]} 40. Bd3 {[%clk
1:01:38]} Kc7 {[%clk 0:30:36]} 41. Ke7 {[%clk 1:02:03]} Bc6 {[%clk 0:22:37]} 42.
Kf7 {[%clk 1:02:22]} g5 {[%clk 0:20:57]} 43. Kxf6 {[%clk 1:02:22]} gxh4 {[%clk
0:21:02]} 44. Be4 {[%clk 1:02:09]} Bb5 {[%clk 0:17:58]} 45. Bf5 {[%clk 1:01:11]}
Be8 {[%clk 0:15:54]} 46. Kg7 {[%clk 1:00:33]} h5 {[%clk 0:15:20]} 47. Kh6 {[%clk
0:58:46]} Kd6 {[%clk 0:15:05]} 48. Kg5 {[%clk 0:58:51]} Kd5 {[%clk 0:12:45]} 49.
Kxh4 {[%clk 0:57:58]} Ke5 {[%clk 0:12:26]} 50. Kg5 {[%clk 0:57:30]} Kd4 {[%clk
0:08:57]} 51. Bg6 {[%clk 0:57:58]} Bxg6 {[%clk 0:08:40]} 52. Kxg6 {[%clk
0:58:24]} Kc4 {[%clk 0:08:36]} 53. b4 {[%clk 0:58:43]} a4 {[%clk 0:07:53]} 54. f4
{[%clk 0:59:07]} Kb3 {[%clk 0:08:17]} 55. b5 {[%clk 0:59:32]} Kxa3 {[%clk
0:08:30]} 56. b6 {[%clk 0:59:59]} Ka2 {[%clk 0:07:57]} 57. b7 {[%clk 1:00:25]} a3
{[%clk 0:08:13]} 58. b8Q {[%clk 1:00:50]} Ka1 {[%clk 0:08:02]} 59. Qb3 {[%clk
1:01:18]} a2 {[%clk 0:08:17]} 60. Qc2 {[%clk 1:01:42]} 1-0